Statistics for Languages of the Top 20 Language-Learning Subreddits

Click here to take the quiz!

General Stats

  • This quiz has been taken 245 times
  • The average score is 14 of 17

Answer Stats

Language% Correct
Chinese
99%
Spanish
99%
English
98%
French
98%
German
96%
Japanese
96%
Russian
96%
Portuguese
94%
Italian
92%
Arabic
91%
Korean
88%
Dutch
81%
Swedish
80%
Norwegian
64%
Latin
54%
Tagalog
50%
Esperanto
24%

Score Distribution

Percentile by Number Answered

Percent of People with Each Score

Your Score History

You have not taken this quiz